| 000 | 00573 a2200181 4500 | ||
|---|---|---|---|
| 999 |
_c4366 _d4366 |
||
| 010 | _aENG-86254 | ||
| 020 |
_a9788120331709 _c325.00 |
||
| 035 | _aEN-69787 | ||
| 037 | _bDBAD / PUB | ||
| 082 | 1 | 4 | _a005.1 |
| 100 | _aJackson, Daniel | ||
| 245 | 1 |
_aSoftware abstrations : _cby Daniel Jackson _blogic, language and analysis / |
|
| 260 |
_aNew Delhi _bPrentice-Hall of India _c2007 |
||
| 270 |
_aM-97, Connaught Circus _bNew Delhi _cNew Delhi _e110 001 |
||
| 300 |
_axvi, 351p. _c22cm. (Pbk) |
||
| 500 | _aIncludes index | ||
| 942 |
_adpl _cEN _2ddc _h005.1 _mJAC |
||